Straw sculpture: techniques and projects.

Bibliographic Details
Main Author: Hibbs, Ruth
Format: Book
Language:English
Published: New York : Drake Publishers, [1974]
Subjects:

MARC

Tag First Indicator Second Indicator Subfields
LEADER 00000cam a22000008 4500
001 in00000094335
005 20150927110432.0
008 740329s1974 nyu 00000 eng
010 |a  74006117  
020 |a 0877496765 
035 |a (OCoLC)00868036 
035 |9 AAL6199AM 
040 |a DLC  |c DLC  |d TXA  |d UtOrBLW 
049 |a TXAM  |c [1231664] 
050 0 0 |a TT876  |b .H5 
082 0 |a 746.4/1 
100 1 |a Hibbs, Ruth. 
245 1 0 |a Straw sculpture: techniques and projects. 
264 1 |a New York :  |b Drake Publishers,  |c [1974] 
300 |a x, 111 pages 
336 |a text  |b txt  |2 rdacontent 
337 |a unmediated  |b n  |2 rdamedia 
338 |a volume  |b nc  |2 rdacarrier 
650 0 |a Straw work. 
999 |a MARS 
999 f f |s b5cde301-865c-3617-a0a9-c512c212ec5d  |i 07d7ab95-f426-34d4-8b41-f2ecbb2f2ba9  |t 0 
952 f f |p ric  |a Texas A&M University  |b Rellis Campus  |c Joint Library Facility  |d Remote Storage  |t 0  |e TT876 .H5  |h Library of Congress classification  |i unmediated -- volume  |m A14805666727 
998 f f |a TT876 .H5  |t 0  |l Remote Storage